Score 0/18 Timer 05:00
0 Plays Today
Hint Answer % Correct
Baby's bedCrib
99.5%
Basketball bounceDribble
85.6%
Under-the-table payoffBribe
82.1%
AwfulHorrible
70.4%
County fair prizeRibbon
69.3%
Sea known for piratesCaribbean
68.1%
To write, print, mark, or engraveInscribe
56.6%
Vitamin B2Riboflavin
54.6%
Feeder streamTributary
47.5%
Hint Answer % Correct
Reindeer cousinCaribou
42.3%
Court of justiceTribunal
37.2%
An abusively critical speechDiatribe
37.1%
AllocateDistribute
32.8%
CharacteristicAttribute
32%
Minute particle in the cytoplasm of cellsRibosome
28.8%
RevengeRetribution
27.3%
To draw a line aroundCircumscribe
27%
19th century Italian patriotGaribaldi
20.6%

You're not logged in!

Compare scores with friends on all Sporcle quizzes.
OR
Log In

Sporcle TV

Today on Sporcle TV


Watch our educational content, quiz creation guides, and fun videos on Sporcle TV.

Show Comments

Extras

Top Quizzes Today


Score Distribution

Your Account Isn't Verified!

In order to create a playlist on Sporcle, you need to verify the email address you used during registration. Go to your Sporcle Settings to finish the process.

Report this User

Report this user for behavior that violates our Community Guidelines.

Details: